000
00290cam a22000977a 4500
008
180718b1974 xxu||||| |||| 00| 0 eng d
082
_a
K85x42 Un3b
245
_a
Better pensions: proposals for a new pensions scheme
260
_a
London
_b
Her Majesty's Stationery Office
_c
1974
300
_a
29+p.
999
_c
500132
_d
500132